| 000 -LEADER |
| fixed length control field |
00603nam a22002177a 4500 |
| 001 - CONTROL NUMBER |
| control field |
22054 |
| 003 - CONTROL NUMBER IDENTIFIER |
| control field |
BD-DhUAP |
| 005 - DATE AND TIME OF LATEST TRANSACTION |
| control field |
20240319122049.0 |
| 008 - FIXED-LENGTH DATA ELEMENTS--GENERAL INFORMATION |
| fixed length control field |
240319b20032009-uk |||| |||| 000 0 eng d |
| 020 ## - INTERNATIONAL STANDARD BOOK NUMBER |
| International Standard Book Number |
9780194389228 |
| 040 ## - CATALOGING SOURCE |
| Original cataloging agency |
BD-ChCU |
| Language of cataloging |
eng |
| Transcribing agency |
BD-ChCU |
| Modifying agency |
BD-DhUAP |
| 082 ## - DEWEY DECIMAL CLASSIFICATION NUMBER |
| Edition number |
22 |
| Classification number |
418.02 HOU |
| 100 ## - MAIN ENTRY--PERSONAL NAME |
| Personal name |
House,Juliane. |
| 245 ## - TITLE STATEMENT |
| Title |
Translation / |
| Remainder of title |
Juliane House. |
| 260 ## - PUBLICATION, DISTRIBUTION, ETC. |
| Place of publication, distribution, etc. |
New York : |
| Name of publisher, distributor, etc. |
Oxford University Press. |
| Date of publication, distribution, etc. |
c2009. |
| 300 ## - PHYSICAL DESCRIPTION |
| Extent |
122 P . : |
| Dimensions |
20 cm. |
| 440 ## - SERIES STATEMENT/ADDED ENTRY--TITLE |
| Title |
Oxford Introduction to Language Study |
| 650 ## - SUBJECT ADDED ENTRY--TOPICAL TERM |
| Topical term or geographic name entry element |
Translating |
| 700 ## - ADDED ENTRY--PERSONAL NAME |
| Personal name |
Widdowns H.G. |
| Relator term |
Series ed. |
| 942 ## - ADDED ENTRY ELEMENTS (KOHA) |
| Source of classification or shelving scheme |
|
| Koha item type |
Book |